[Event "Lido degli Estensi op 3rd"]
[Site "Lido degli Estensi"]
[Date "2002.06.16"]
[Round "9"]
[White "Lamoureux, Izabelle"]
[Black "Misanovic, Vesna"]
[Result "1-0"]
[WhiteElo "2039"]
[BlackElo "2347"]
[PlyCount "91"]
[EventDate "2002.06.07"]
[EventType "swiss"]
[EventRounds "9"]
[EventCountry "ITA"]
[SourceTitle "CBM 088 Extra"]
[Source "ChessBase"]
[SourceDate "2002.07.01"]
[SourceVersion "2"]
[SourceVersionDate "2002.07.01"]
[SourceQuality "1"]

1. e4 d5 2. exd5 Nf6 3. Bb5+ Bd7 4. Be2 Nxd5 5. d4 e6 6. Nf3 c5 7. c4 Nf6 8. Nc3 cxd4 9. Nxd4 Bb4 10. Qb3 Qa5 11. Bd2 Nc6 12. Nc2 Bc5 13. Ne4 Nxe4 14. Bxa5 Nxa5 15. Qh3 Nxf2 16. Qh5 Bb6 17. c5 Nxh1 18. cxb6 axb6 19. Kf1 0-0 20. Kg1 Bc6 21. Bd3 g6 22. Qe2 Bd5 23. Ne3 Nb3 24. Re1 Rxa2 25. Kxh1 Nc5 26. Ng4 Nxd3 27. Qxd3 f5 28. Ne3 Be4 29. Qb3 Raa8 30. Qxe6+ Kg7 31. Rc1 Rfe8 32. Qxb6 Rac8 33. Rc7+ Kh6 34. h4 Rxc7 35. Qxc7 Bc6 36. Kh2 Re4 37. Qd8 Kg7 38. Nd5 Bxd5 39. Qxd5 Rxh4+ 40. Kg1 b6 41. Qb7+ Kh6 42. Qxb6 Rc4 43. b4 Kh5 44. Qb7 h6 45. b5 g5 46. Qf7+ 1-0

[Event "Lido degli Estensi op 3rd"]
[Site "Lido degli Estensi"]
[Date "2002.06.15"]
[Round "8"]
[White "Misanovic, Vesna"]
[Black "Kohlweyer, Bernd"]
[Result "0-1"]
[WhiteElo "2347"]
[BlackElo "2453"]
[PlyCount "74"]
[EventDate "2002.06.07"]
[EventType "swiss"]
[EventRounds "9"]
[EventCountry "ITA"]
[SourceTitle "CBM 088 Extra"]
[Source "ChessBase"]
[SourceDate "2002.07.01"]
[SourceVersion "2"]
[SourceVersionDate "2002.07.01"]
[SourceQuality "1"]

1. e4 c5 2. Nf3 d6 3. d4 cxd4 4. Nxd4 Nf6 5. Nc3 a6 6. Be2 e6 7. 0-0 Nbd7 8. Be3 b5 9. f3 Bb7 10. a4 b4 11. Na2 d5 12. Qd2 dxe4 13. Nxb4 Qc7 14. Rad1 Be7 15. c3 Nc5 16. a5 0-0 17. Kh1 Rac8 18. fxe4 Nfxe4 19. Qe1 Bf6 20. Bg1 Be5 21. Qh4 g6 22. Nd3 Bg7 23. Nxc5 Nxc5 24. Bf3 e5 25. Bxb7 Qxb7 26. Nf3 h6 27. Be3 e4 28. Nd2 Qxb2 29. Bxh6 Bxh6 30. Qxh6 Qxc3 31. Rc1 Qd4 32. Rc4 Qd3 33. h3 Nb3 34. Rxf7 Kxf7 35. Qh7+ Kf6 36. Nxe4+ Ke6 37. Qxg6+ Kd5 0-1

[Event "Lido degli Estensi op 3rd"]
[Site "Lido degli Estensi"]
[Date "2002.06.14"]
[Round "7"]
[White "Rotstein, Arkadij"]
[Black "Misanovic, Vesna"]
[Result "1/2-1/2"]
[WhiteElo "2553"]
[BlackElo "2347"]
[PlyCount "112"]
[EventDate "2002.06.07"]
[EventType "swiss"]
[EventRounds "9"]
[EventCountry "ITA"]
[SourceTitle "CBM 088 Extra"]
[Source "ChessBase"]
[SourceDate "2002.07.01"]
[SourceVersion "2"]
[SourceVersionDate "2002.07.01"]
[SourceQuality "1"]

1. c4 e5 2. g3 Nc6 3. Bg2 g6 4. Nc3 Bg7 5. Rb1 a5 6. a3 d6 7. b4 axb4 8. axb4 f5 9. b5 Nce7 10. e3 Be6 11. Nd5 c6 12. Nxe7 Nxe7 13. Qb3 0-0 14. Ne2 Qd7 15. bxc6 bxc6 16. 0-0 g5 17. f4 gxf4 18. exf4 Qa7+ 19. Kh1 Rfb8 20. Qc2 Rxb1 21. Qxb1 Bxc4 22. d3 Be6 23. fxe5 dxe5 24. Ng1 Rb8 25. Qc2 Qa2 26. Qxa2 Bxa2 27. Bg5 Nd5 28. Rxf5 h6 29. Bc1 Rb1 30. Rf1 Nb4 31. Ne2 Bd5 32. Nc3 Bxg2+ 33. Kxg2 Rb3 34. Ne4 Rxd3 35. Nf6+ Kh8 36. Nh5 Rd7 37. Kh3 Nd3 38. Be3 e4 39. Rb1 Kh7 40. Rb8 Kg6 41. Nxg7 Rxg7 42. Rh8 Rh7 43. Re8 Rf7 44. Kh4 Ne1 45. Kh3 Nc2 46. Bf4 e3 47. Kg2 h5 48. Kh3 Rf6 49. Bxe3 Nxe3 50. Rxe3 c5 51. Re5 Rf5 52. Re8 Rd5 53. Rc8 Re5 54. Rc6+ Kg5 55. Rc8 Rd5 56. Rg8+ Kh6 1/2-1/2

[Event "BL 0102 (Women)"]
[Site "Germany"]
[Date "2002.03.02"]
[Round "6.1"]
[White "Misanovic, Vesna"]
[Black "Lakos, Nikoletta"]
[Result "1/2-1/2"]
[WhiteElo "2350"]
[BlackElo "2339"]
[PlyCount "21"]
[EventDate "2001.10.27"]
[EventType "team-tourn"]
[EventRounds "11"]
[EventCountry "GER"]
[SourceTitle "EXT 2003"]
[Source "ChessBase"]
[SourceDate "2002.11.25"]
[SourceVersion "1"]
[SourceVersionDate "2002.11.25"]
[SourceQuality "1"]
[WhiteTeam "Stuttgart"]
[BlackTeam "Halle"]
[WhiteTeamCountry "GER"]
[BlackTeamCountry "GER"]

1. d4 Nf6 2. c4 e6 3. Nc3 Bb4 4. e3 0-0 5. Bd3 c5 6. Nge2 cxd4 7. exd4 d5 8. 0-0 dxc4 9. Bxc4 a6 10. a3 Be7 11. Ba2 1/2-1/2

[Event "CRO Cup (Women)"]
[Site "Pula"]
[Date "2002.??.??"]
[Round "3"]
[White "Theissl Pokorna, Regina"]
[Black "Misanovic, Vesna"]
[Result "0-1"]
[WhiteElo "2323"]
[BlackElo "2347"]
[PlyCount "104"]
[EventDate "2002.??.??"]
[EventType "team"]
[EventRounds "3"]
[EventCountry "CRO"]
[SourceTitle "EXT 2003"]
[Source "ChessBase"]
[SourceDate "2002.11.25"]
[SourceVersion "1"]
[SourceVersionDate "2002.11.25"]
[SourceQuality "1"]

1. e4 e5 2. Nf3 Nc6 3. Bb5 a6 4. Ba4 Nf6 5. 0-0 b5 6. Bb3 Be7 7. Re1 0-0 8. h3 Bb7 9. d3 d6 10. c3 Nb8 11. Nbd2 Nbd7 12. d4 c5 13. Bc2 Re8 14. Nf1 Bf8 15. d5 g6 16. Be3 Nh5 17. N3h2 Nb6 18. b3 Bc8 19. Qf3 Bg7 20. Rac1 Rf8 21. Ng4 Nf4 22. Bxf4 exf4 23. Qxf4 Bxg4 24. Qxg4 Bxc3 25. Red1 Bd4 26. Ng3 Kh8 27. Rf1 a5 28. Bd3 b4 29. Ne2 Bf6 30. f4 a4 31. Rce1 axb3 32. axb3 Ra3 33. Nc1 Bc3 34. Re2 c4 35. Bc2 Ra1 36. Qf3 Qc7 37. Kh2 Nd7 38. bxc4 Qxc4 39. Bd3 Qc7 40. Nb3 Rxf1 41. Qxf1 Nc5 42. Nxc5 Qxc5 43. Qf3 f6 44. Ra2 b3 45. Ra6 b2 46. Rc6 Qb4 47. Bb1 Bd4 48. Qd3 Bc5 49. Qd1 Qc3 50. Qc2 Qd4 51. Rc7 Qg1+ 52. Kg3 Qe1+ 0-1

[Event "BL 0102 (Women)"]
[Site "Germany"]
[Date "2001.10.28"]
[Round "2.1"]
[White "Michna, Marta"]
[Black "Misanovic, Vesna"]
[Result "1/2-1/2"]
[WhiteElo "2399"]
[BlackElo "2350"]
[PlyCount "168"]
[EventDate "2001.10.27"]
[EventType "team-tourn"]
[EventRounds "11"]
[EventCountry "GER"]
[SourceTitle "EXT 2003"]
[Source "ChessBase"]
[SourceDate "2002.11.25"]
[SourceVersion "1"]
[SourceVersionDate "2002.11.25"]
[SourceQuality "1"]
[WhiteTeam "Hamburger SK"]
[BlackTeam "Stuttgart"]
[WhiteTeamCountry "GER"]
[BlackTeamCountry "GER"]

1. d4 d5 2. c4 dxc4 3. Nf3 Nf6 4. Nc3 a6 5. e3 e6 6. a4 c5 7. Bxc4 cxd4 8. exd4 Nc6 9. 0-0 Be7 10. Bg5 0-0 11. Re1 Bd7 12. Qe2 Re8 13. Rad1 Nd5 14. Bxe7 Ncxe7 15. Ne5 Nxc3 16. bxc3 Nd5 17. Qf3 Re7 18. Bxd5 exd5 19. Qxd5 Bxa4 20. Qxd8+ Rxd8 21. Ra1 Bb3 22. Reb1 Bc2 23. Rb2 Bf5 24. f3 f6 25. Nc4 Rc7 26. Ne3 Bc8 27. Ra3 b5 28. Nc2 Bd7 29. Nb4 a5 30. Rxa5 Rxc3 31. d5 Kf7 32. Ra7 Kg6 33. Kf2 Rc4 34. g3 h5 35. Nd3 Kh6 36. Nf4 g5 37. Ng2 Rc1 38. h4 gxh4 39. Nxh4 Rd1 40. Ra6 Rxd5 41. Rxf6+ Kg7 42. Rg6+ Kh7 43. Rb6 Re8 44. Ng2 Rd4 45. Rb7 Kh6 46. Nf4 Re5 47. Rb6+ Kh7 48. Re2 Rxe2+ 49. Kxe2 Be8 50. Rb8 Bf7 51. Rb7 Kg8 52. Rxb5 Bc4+ 53. Ke3 Bxb5 54. Kxd4 Bc6 55. Nd5 Kg7 56. f4 Kh6 57. Nf6 Ba4 58. Ke5 Kg6 59. Ne4 Bd7 60. Nc5 Bg4 61. Ne4 Bd7 62. Nd6 h4 63. gxh4 Kh5 64. f5 Ba4 65. f6 Bb3 66. Nf5 Bf7 67. Kd6 Bg6 68. Ke6 Kg4 69. Ke5 Kh5 70. Kf4 Bf7 71. Ke5 Bg6 72. Ke6 Kg4 73. Ne7 Be8 74. Nd5 Bh5 75. Ke7 Kg3 76. Kf8 Kg4 77. Kg7 Kxh4 78. Nf4 Be8 79. Kf8 Kg5 80. Ke7 Kf5 81. Ne6 Bg6 82. Nf8 Bh5 83. Nh7 Bg6 84. f7 Bxf7 1/2-1/2